000 00269 a2200133 4500
001 50458
020 _a8574881635
040 _cAnchieta - Bela Vista
240 1 0 _aPeter Pan
_lpor
245 1 0 _aPeter Pan
300 _a16
650 4 _aLiteratura infantil
942 _cBK
999 _c50458
_d50458